NFL Cities - Sudden Death - Statistics

General Stats
  • This quiz has been taken 1,749 times
  • The average score is 23 of 30
Answers on the Grid
Answers color-coded by a green-red scale on the quiz's grid according to % correct below.
Albany
Anchorage
Ann Arbor
Atlanta
Austin
Baltimore
Boston
Buffalo
Charlotte
Chicago
Cincinnati
Cleveland
Dallas
Denver
Detroit
Green Bay
Houston
Indianapolis
Jacksonville
Kansas City
Las Vegas
Los Angeles
Memphis
Miami
Milwaukee
Minneapolis
Montreal
Nashville
New Orleans
New York
Oklahoma City
Omaha
Orlando
Philadelphia
Phoenix
Pittsburgh
Portland
San Antonio
San Diego
San Francisco
Santa Fe
Savannah
Seattle
St. Louis
Tampa
Tijuana
Toronto
Washington
 
Answer Stats
Answer % Correct
Dallas
87%
Atlanta
86%
Baltimore
86%
Buffalo
86%
Chicago
86%
Green Bay
85%
Los Angeles
85%
Kansas City
84%
Detroit
83%
Jacksonville
83%
Denver
82%
Houston
82%
Cincinnati
81%
Cleveland
80%
Las Vegas
80%
Miami
80%
Indianapolis
79%
New York
78%
Philadelphia
75%
New Orleans
72%
Pittsburgh
71%
Tampa
71%
Boston
70%
San Francisco
70%
Minneapolis
68%
Seattle
68%
Washington
65%
Charlotte
54%
Phoenix
53%
Nashville
52%
No matching quizzes found
Score Distribution
Percent of People with Each Score
Percentile by Number Answered
Your Score History
You have not taken this quiz